[Event "JPN-ch"]
[Site "Tokyo"]
[Date "2018.05.04"]
[Round "10"]
[White "Nishioka, Masanari"]
[Black "Ueyoko, Hiroshi"]
[Result "0-1"]
[WhiteElo "1339"]
[BlackElo "1526"]
[PlyCount "86"]
[EventDate "2018.04.29"]
[EventType "swiss"]
[EventRounds "11"]
[EventCountry "JPN"]
[SourceTitle "CBM 184 Extra"]
[Source "ChessBase"]
[SourceDate "2018.06.28"]
[SourceVersion "1"]
[SourceVersionDate "2018.06.28"]
[SourceQuality "1"]

1. d4 e6 2. c4 d5 3. Nf3 Nf6 4. Bg5 Be7 5. Nc3 0-0 6. e3 a6 7. Bd3 c6 8. Qc2 h6 9. Bh4 dxc4 10. Bxc4 b5 11. Bd3 Nbd7 12. 0-0 Bb7 13. Ne5 Nd5 14. Bxe7 Qxe7 15. Nxd5 cxd5 16. Qc7 Bc8 17. Qc6 Nxe5 18. dxe5 Bb7 19. Qb6 Rab8 20. Qd4 f5 21. exf6 Rxf6 22. Rac1 e5 23. Qh4 e4 24. Bb1 Qe5 25. Rc2 Rbf8 26. Qg3 Qe6 27. Rc7 Rg6 28. Qh4 Bc8 29. Rfc1 Qh3 30. Qxh3 Bxh3 31. g3 Rgf6 32. R1c2 d4 33. exd4 e3 34. f4 Re8 35. Re2 Rd6 36. Rc3 Rxd4 37. Rcxe3 Rxe3 38. Rxe3 Rd1+ 39. Kf2 Rf1+ 40. Ke2 Rxb1 41. Rb3 Be6 42. Rb4 Bxa2 43. Kd2 Bc4 0-1

[Event "JPN-ch"]
[Site "Tokyo"]
[Date "2018.04.30"]
[Round "4"]
[White "Nishioka, Masanari"]
[Black "Drakakis, Athanasios"]
[Result "1/2-1/2"]
[WhiteElo "1339"]
[BlackElo "1622"]
[PlyCount "57"]
[EventDate "2018.04.29"]
[EventType "swiss"]
[EventRounds "11"]
[EventCountry "JPN"]
[SourceTitle "CBM 184 Extra"]
[Source "ChessBase"]
[SourceDate "2018.06.28"]
[SourceVersion "1"]
[SourceVersionDate "2018.06.28"]
[SourceQuality "1"]

1. d4 d5 2. c4 e6 3. Nf3 Nf6 4. Nc3 c6 5. Bg5 Nbd7 6. e3 h6 7. Bh4 Qa5 8. Qc2 Bb4 9. Nd2 Ne4 10. Ndxe4 dxe4 11. a3 Bxc3+ 12. Qxc3 Qxc3+ 13. bxc3 0-0 14. g4 f5 15. g5 hxg5 16. Bxg5 Kf7 17. Be2 Rh8 18. c5 Rh3 19. 0-0-0 b5 20. Rdg1 Bb7 21. Rg3 Rah8 22. Bf4 Rxg3 23. Bxg3 g5 24. h4 g4 25. Kb2 Kg6 26. Kb3 Kh5 27. Kb4 a5+ 28. Kb3 Ra8 29. c4 1/2-1/2